|
|
|
|
| LEADER |
00000nam0a2200000 4500 |
| 001 |
59139 |
| 005 |
20231031055958.0 |
| 010 |
|
|
|a 5931962670
|
| 035 |
|
|
|a (RuTPU)RU\TPU\book\62510
|
| 090 |
|
|
|a 59139
|
| 100 |
|
|
|a 20031222d2003 km y0rusy50 ca
|
| 101 |
0 |
|
|a rus
|
| 102 |
|
|
|a RU
|
| 105 |
|
|
|a a g 001zy
|
| 200 |
1 |
|
|a Справочник по строительству и реконструкции линий электропередачи напряжением 0,4-500 кВ
|f Е. Г. Гологорский, А. Н. Кравцов, Б. М. Узелков
|g Под ред. Е. Г. Гологорского
|
| 210 |
|
|
|a Москва
|c Изд-во НЦ ЭНАС
|d 2003
|
| 215 |
|
|
|a 344 с.
|c ил.
|
| 300 |
|
|
|a Авторы указ. на обороте тит. л.
|
| 320 |
|
|
|a Библиогр.: с. 333-334.
|
| 320 |
|
|
|a Предметный указатель: с. 335-337.
|
| 610 |
1 |
|
|a электроэнергетика
|
| 610 |
1 |
|
|a воздушные линии электропередачи
|
| 610 |
1 |
|
|a строительные материалы
|
| 610 |
1 |
|
|a опоры
|
| 610 |
1 |
|
|a провода
|
| 610 |
1 |
|
|a тросы
|
| 610 |
1 |
|
|a линейные изоляторы
|
| 610 |
1 |
|
|a арматура
|
| 610 |
1 |
|
|a заземляющие устройства
|
| 610 |
1 |
|
|a комплектные распределительные устройства
|
| 610 |
1 |
|
|a распределительные устройства
|
| 610 |
1 |
|
|a монтаж
|
| 610 |
1 |
|
|a волоконно-оптическая связь
|
| 610 |
1 |
|
|a строительно-монтажные работы
|
| 610 |
1 |
|
|a строительные машины
|
| 610 |
1 |
|
|a транспорт
|
| 610 |
1 |
|
|a инструменты
|
| 610 |
1 |
|
|a эксплуатационные материалы
|
| 610 |
1 |
|
|a комплектующие
|
| 610 |
1 |
|
|a техническое обслуживание
|
| 610 |
1 |
|
|a качество
|
| 610 |
1 |
|
|a охрана труда
|
| 610 |
1 |
|
|a безопасность
|
| 610 |
1 |
|
|a справочники
|
| 675 |
|
|
|a 621.315.17(035)
|v 3
|
| 700 |
|
1 |
|a Гологорский
|b Е. Г.
|g Ефим Григорьевич
|
| 701 |
|
1 |
|a Кравцов
|b А. Н.
|g Анатолий Николаевич
|
| 701 |
|
1 |
|a Узелков
|b Б. М.
|g Борис Михайлович
|
| 702 |
|
1 |
|a Гологорский
|b Е. Г.
|g Ефим Григорьевич
|4 340
|
| 801 |
|
1 |
|a RU
|b 63413507
|c 20031222
|g PSBO
|
| 801 |
|
2 |
|a RU
|b 63413507
|c 20191226
|g PSBO
|
| 900 |
|
|
|a Проектирование электроэнергетических систем и сетей
|
| 942 |
|
|
|c BK
|
| 959 |
|
|
|a 112/20051219
|d 1
|e 288,9
|f НФ:1
|